000 01015nam a2200289Ia 4500
001 Para_608
003 CHAP
008 220125s2001 xx 000 0 und d
010 _a199368
040 _cCHAP
090 _aPA TESIS 1515
100 _aBarreto Barreto, Pedro
_910441
245 _aReacción de especies de garbanzo silvestre y líneas cultivadas a la inoculación con las con las razas tres y cuatro de Fusarium oxysporum f.sp. ciceris /
_c por Pedro Barreto Barreto
260 _aChapingo, Méx. :
_b el autor
300 _a50 h.
502 _aTesis (Ing. Agr. Esp. en Parasitología Agrícola) -- UACh. Departamento Parasitología Agrícola
650 _aFusarium oxysporum
_944093
650 _aGarbanzo
_x enfermedades
_945605
710 _aUACh. Departamento Parasitología Agrícola
_9164025
901 _aPA TESIS 1515
902 _aA
905 _a0000002001 an 0000000000 00
910 _a2001
942 _cPARA
942 _cPARA
_d1
999 _c199368
_d199368